| 000 | 00901nam a2200253Ia 4500 | ||
|---|---|---|---|
| 003 | OSt | ||
| 005 | 20220923225512.0 | ||
| 006 | a|||||r|||| 00| 0 | ||
| 007 | ta | ||
| 008 | 220922b |||||||| |||| 00| 0 hin d | ||
| 024 | _a269,513 | ||
| 037 | _cTextual | ||
| 040 |
_aARTS _cARTS _bhin |
||
| 041 |
_2hin _ahin |
||
| 082 | _aQ31:21118, 152K7 | ||
| 100 |
_aज्ञानमुनि, संपा. _9156263 |
||
| 245 | 0 | _aअन्तकृदशांग सूत्र | |
| 246 | _aAntakṛudashāanga sūtra | ||
| 260 |
_aलुधियाना _b आचार्य श्री आत्मा राम जैन प्रकाशन समिति _c1967 |
||
| 300 |
_a488पृ. _ccm. |
||
| 650 | _aज्ैन् ध्ज्ञमर्् | ||
| 942 |
_hQ31:21118, 152K7 _cTEXL _2CC |
||
| 999 |
_c378649 _d378649 |
||